000
00295nam a2200109Ia 4500
008
201231s9999 xx 000 0 und d
100
_a
Singer, Milton and Cohn, Bernard S.
245
0
_a
Structure and Change In Indian Society
260
_a
Jaipur
_b
Rawat Publications
300
_a
507
942
_c
BK
999
_c
9486
_d
9486